00904nam a2200277Ia 450000500170000000800410001702000190005808200180007710000300009524500570012525000390018230000430022149000260026450000380029065000160032865000090034465000190035365000230037265000270039565000320042226400490045433600270050333700330053033800280056304000350059120220317000948.0160825s2008 mx a g 000 0 spa  a9789681666301204a152.41 bO74e1 aOrlandini, Albertod1936-13aEl enamoramiento y el mal de amorescAlberto Orlandi a2a. edición b3a. reimpresión  a270 páginas bilustraciones c23 cm  aLa ciencia para todos aIncluye glosario y bibliografía142LEMBaAmor 142LEMB142LEMBaDivorcio142LEMBa Matrimonio 142LEMBaCortejo amoroso 142LEMB aRelaciones de paraja aMéxicobFondo de Cultura Económicac2008 atextobtxt2rdacontent asin mediaciónbn2rdamedia avolumenbnc2rdacarrier aCO-BoRNBPbspaerdacCO-BoRNBP